House price index May 2004 (Record no. 117688)
[ view plain ]
| 000 -LEADER | |
|---|---|
| fixed length control field | 01011cam a2200217 4500 |
| 001 - CONTROL NUMBER | |
| control field | WB@3612-441 |
| 008 - FIXED-LENGTH DATA ELEMENTS--GENERAL INFORMATION | |
| fixed length control field | 040714n2004 000 0 eng u |
| 035 ## - SYSTEM CONTROL NUMBER | |
| System control number | (Sirsi) u126766 |
| 245 ## - TITLE STATEMENT | |
| Title | House price index May 2004 |
| 260 ## - PUBLICATION, DISTRIBUTION, ETC. | |
| Date of publication, distribution, etc. | 2004 |
| 490 ## - SERIES STATEMENT | |
| Series statement | ODPM News Release |
| Volume/sequential designation | (004/0161) 12 July 2004 (3) |
| 520 ## - SUMMARY, ETC. | |
| Summary, etc. | The latest figures in the "ODPM house price index" for May 2004 show a small increase in the average house price in the UK. It stood at £170 719, up from £168 000 the previous month. House price inflation was up from 10% in April 2004 to 12.2% in May. The index also provides further information on house prices throughout the regions and the average house price for first-time buyers. View the report at: http://www.odpm.gov.uk/pns/DisplayPN.cgi?pn_id=200 4_0161. |
| 590 ## - LOCAL NOTE (RLIN) | |
| Local note | WB |
| 590 ## - LOCAL NOTE (RLIN) | |
| Local note | WB |
| 650 ## - SUBJECT ADDED ENTRY--TOPICAL TERM | |
| Topical term or geographic name entry element | HOUSE PRICE INFLATION |
| 650 ## - SUBJECT ADDED ENTRY--TOPICAL TERM | |
| Topical term or geographic name entry element | HOUSING-MARKET |
| 650 ## - SUBJECT ADDED ENTRY--TOPICAL TERM | |
| Topical term or geographic name entry element | HOUSE PRICE STATISTICS |
| 650 ## - SUBJECT ADDED ENTRY--TOPICAL TERM | |
| Topical term or geographic name entry element | HOUSE PRICE INDEX |
| 690 ## - LOCAL SUBJECT ADDED ENTRY--TOPICAL TERM (OCLC, RLIN) | |
| Topical term or geographic name as entry element | HOUSING-HOUSE PRICES |
| 942 ## - ADDED ENTRY ELEMENTS (KOHA) | |
| Suppress in OPAC | 0 |
| Withdrawn status | Lost status | Source of classification or shelving scheme | Damaged status | Not for loan | Home library | Current library | Shelving location | Date acquired | Total Checkouts | Full call number | Barcode | Date last seen | Copy number | Price effective from | Koha item type |
|---|---|---|---|---|---|---|---|---|---|---|---|---|---|---|---|
| Dewey Decimal Classification | London | London | News article | 14/07/2004 | WB4027-09 | 126766-1001 | 06/08/2019 | 1 | 06/08/2019 | News article |